000 00816nam a22002777a 4500
001 BR2010005072
003 BR-BrBNA
005 20230928103412.0
007 ta
008 230509b bl.||||| |||| 00| 0 por d
040 _aBR-BrBNA
_bpor
_cBiblioteca Nacional de Agricultura
041 _a(Eng, Por)
072 _aM12; E40
090 _ M12 BR2010005072
100 1 _aHazin, F.H.V.
110 1 _aMinistério da Agricultura e do Abastecimento, Brasília, DF (Brasil). Secretaria de Apoio Rural e Cooperativismo
_96729
245 1 _aRelatório de Reunião Internacional
260 3 _aBrasília, DF (Brasil):
_c2001.
300 _avp.
650 _aPESCA
650 _aAQUICULTURA
650 _aCOOPERATIVISMO
650 _aMERCADO INTERNACIONAL
909 _a202309
_bLucia
_c55
_dLucia Elande
942 _cBK
999 _c74961
_d74961